| 000 | 00578nam a2200181Ia 4500 | ||
|---|---|---|---|
| 003 | GCL | ||
| 008 | 140319s9999 xx 000 0 ara d | ||
| 040 |
_aGCL / _cGCL |
||
| 082 | 0 | 4 |
_a259 _bى م |
| 100 | 1 | _aيوسف القرضاوى | |
| 245 | 1 | 0 |
_aمن هدى الاسلام: فتاوى معاصرة / _cيوسف القرضاوى |
| 260 |
_a[S.N] : _bدار الوفاء للطباعة والنشر والتوزيع ، _c1993 |
||
| 300 | _aمتعدد الترقيم | ||
| 490 | _a | ||
| 650 | 0 | 4 | _aالدين الاسلامى |
| 650 | 0 | 4 | _aالفتاوى |
| 942 |
_2ddc _cBK |
||
| 999 |
_c53035 _d53035 |
||